A márkázottság szerepe a kereskedelemben az édességek és sós snackek példáján keresztül
| Szerző: | |
|---|---|
| További közreműködők: | |
| Dokumentumtípus: | Projektmunka |
| Kulcsszavak: | 4P marketingmix gyártói márka márkázottság saját márkás termék SWOT-elemzés |
| Online Access: | http://dolgozattar.uni-bge.hu/59721 |
MARC
| LEADER | 00000nnm a2200000 i 4500 | ||
|---|---|---|---|
| 001 | dolg59721 | ||
| 005 | 20260409145456.0 | ||
| 008 | 260409suuuu hu o 000 hun d | ||
| 040 | |a BGE Dolgozattár Repozitórium |b hun | ||
| 041 | |a hu | ||
| 100 | 1 | |a Praveczki Bence | |
| 245 | 1 | 2 | |a A márkázottság szerepe a kereskedelemben az édességek és sós snackek példáján keresztül |c Praveczki Bence |h [elektronikus dokumentum] |
| 516 | |a Project_work | ||
| 520 | 3 | |a Dolgozatomban az édességek és sós snackek piacát, valamint a márkázottság szerepét vizsgálom. Elsőként bemutatom kutatásom célját és a téma választásának indokait. Ezt követően elemzem a piac főbb jellemzőit, majd iparági SWOT-elemzést és BCG-mátrixot készítek. A Kinder desszertek és a Lidl sajátmárkás termékeinek 4P marketingmix szempontú összehasonlításával mélyítem az elemzést. Primer kutatás keretében vizsgálom a fogyasztói szokásokat, a mintavétel módszertanát, az adatgyűjtést és az eredmények értékelését. Végül összegzem a gyártói márkák erősségeit, és javaslatokat teszek a kereskedelmi márkák marketingtevékenységének fejlesztésére. | |
| 695 | |a 4P marketingmix | ||
| 695 | |a gyártói márka | ||
| 695 | |a márkázottság | ||
| 695 | |a saját márkás termék | ||
| 695 | |a SWOT-elemzés | ||
| 700 | 1 | |a Papp Judit |e ths | |
| 856 | 4 | 0 | |u http://dolgozattar.uni-bge.hu/59721/1/Projektmunka%20v%C3%A9gleges.pdf |z Dokumentum-elérés |
| 856 | 4 | 0 | |u http://dolgozattar.uni-bge.hu/59721/2/PRAVECZKI%20BENCE%20KM%20FOSZK%20b%C3%ADr%C3%A1lati%20lap%20%281%29.pdf |z Dokumentum-elérés |